00544nam a2200157Ia 4500001001000000003000500010008004100015010001100056040000900067111012700076245005900203260003600262300000900298650003900307650004000346Para_8810CHAP220125s2003 xx 000 0 und d a207573 cCHAP aSimposio Nacional de Parasitología Agrícola "Ing. Jorge Armando Cárdenas Morales" (29:2003:Puerto Vallarta, Jalisco) aMemoria /c por Ingenieros Agrónomos Parasitólogos aPuerto Vallarta, Jalico :b IAP a1 CD aAgricultura x plagasxCongresos  aCultivos x enfermedadesxcongresos